The hollow sunday

Zapisane w:
Opis bibliograficzny
1. autor: Harling, Robert
Format: Książka
Język:Undetermined
Wydane: Londres, Inglaterra The Companion Book Club 1967
Hasła przedmiotowe:
Etykiety: Dodaj etykietę
Nie ma etykietki, Dołącz pierwszą etykiete!

MARC

LEADER 00000nam a2200000Ia 4500
008 170316s9999 xx 000 0 und d
040 |a cru BVZT 
090 |a 820 H-4h 
100 |a Harling, Robert 
245 4 |a The hollow sunday 
260 |a Londres, Inglaterra 
260 |b The Companion Book Club 
260 |c 1967 
300 |a 256 páginas 
650 |a LITERATURA INGLESA 
999 |c 6950  |d 6950 
942 |c 15 D  |h 820 H-4h  |2 z